书目信息 |
| 题名: |
胡适散文选集
|
|
| 作者: | 林呐 主编 | |
| 分册: | ||
| 出版信息: | 天津 百花文艺出版社 1990.06 |
|
| 页数: | 260页 | |
| 开本: | 32开 | |
| 丛书名: | ||
| 单 册: | ||
| 中图分类: | ||
| 科图分类: | ||
| 主题词: | 散文--中国 , 散文--作品综合集--中国 | |
| 电子资源: | ||
| ISBN: | 7-5306-0482-1 | |
| 000 | 00558nam0 2200205 45 | |
| 001 | 9909271514 | |
| 005 | 20070409151623.71 | |
| 010 | @a7-5306-0482-1@dCNY 27.00 | |
| 100 | @a19990927d1990 km y0chiy0120 ea | |
| 101 | @achi | |
| 200 | 1 | @a胡适散文选集@AHu Shi San Wen Xuan Ji@f林呐等主编@FLin Na Deng Zhu Bian |
| 210 | @a天津@c百花文艺出版社@d1990.06 | |
| 215 | @a260页@d32开 | |
| 606 | 0 | @a散文@x中国 |
| 606 | 0 | @a散文@x作品综合集@x中国 |
| 690 | @v3 | |
| 690 | @aI266 | |
| 701 | @a林呐@4主编 | |
| 801 | @aCN@c20070409 | |
| 905 | @f3@b40730-732@dI266@eL510/3 | |
| 胡适散文选集/林呐等主编.-天津:百花文艺出版社,1990.06 |
| 260页;32开 |
| ISBN 7-5306-0482-1:CNY 27.00 |
| ● |
| 相关链接 |
|
|
|
正题名:胡适散文选集
索取号:I266/L510/3
 
预约/预借
| 序号 | 登录号 | 条形码 | 馆藏地/架位号 | 状态 | 备注 |
| 1 | 398601 | 203986017 | 社科二线422/422社科库 8排1列2层/ [索取号:I266/L510/3] | 在馆 | |
| 2 | 398602 | 203986026 | 社科二线422/422社科库 25排4列6层/ [索取号:I266/L510/3] | 在馆 | |
| 3 | 398603 | 203986035 | 社科二线422/422社科库 21排2列6层/ [索取号:I266/L510/3] | 在馆 | |
| 4 | 40730 | 200407309 | 社科二线400B/400B社科库 11排4列1层/ [索取号:I266/L510/3] | 在馆 | |
| 5 | 40731 | 200407318 | 文学库116/ [索取号:I266/L510/3] | 在馆 | |
| 6 | 40732 | 200407327 | 社科二线400B/400B社科库 13排4列3层/ [索取号:I266/L510/3] | 在馆 | |
| 7 | 446611 | 204466112 | 社科二线422/422社科库 51排3列3层/ [索取号:I266/L510/3] | 在馆 | |
| 8 | 449384 | 204493841 | 社科二线422/422社科库 18排1列2层/ [索取号:I266/L510/3] | 在馆 | |
| 9 | 449385 | 204493850 | 文学库116/116文学库 1排6列1层/ [索取号:I266/L510/3] | 在馆 |